| 000 | 01330cad a22002295a 4500 | ||
|---|---|---|---|
| 001 | L154557 | ||
| 008 | 111222e20111222xxkad f s 000 0 eng u | ||
| 035 | _a(Sirsi) u154557 | ||
| 041 | 0 | _aeng | |
| 050 | 0 | 4 | _a333.33 $2 18 |
| 110 | 1 |
_aRoyal Institution of Chartered Surveyors _bEconomics _95033 |
|
| 245 | 0 | 0 |
_aEconomy presents key threat to residential sector _h[electronic resource] |
| 260 |
_aLondon _bRICS _c2011 |
||
| 490 | 0 |
_aRICS Housing Update _v22 December 2011 |
|
| 520 | _aSales of homes may rise a little in 2012 but prices will struggle to follow suit. Prices at a headline level will edge lower by around 3% across the UK. However, the low level of supply should continue into the coming year, stabilising prices and preventing significant declines. Transaction levels are likely to see a slight resurgence in 2012 and climb back to around 880 000, roughly the level of activity recorded in 2010. However, to put this in context, total sales in 2006 were almost double this amount at 1.67mn | ||
| 590 | _aKA | ||
| 650 | 2 | 4 | _aRICS UK HOUSING MARKET FORECAST |
| 651 | 4 |
_aUnited Kingdom _y |
|
| 690 | _aPROPERTY-RESIDENTIAL PROPERTY-RESIDENTIAL PROPERTY MARKET | ||
| 856 | 4 | 0 |
_uhttps://www.rics.org/site/download_feed.aspx?fileID=11070&fileExtension=PDF _zView the item free of charge at www.rics.org |
| 942 | _n0 | ||
| 999 |
_c113039 _d113039 |
||